书目信息 |
| 题名: |
幽默语弹
|
|
| 作者: | 孔明珠 编 | |
| 分册: | ||
| 出版信息: | 上海 上海三联书店 1998 |
|
| 页数: | 145页 | |
| 开本: | 20cm | |
| 丛书名: | 交际与口才小丛书 | |
| 单 册: | ||
| 中图分类: | C112.1 | |
| 科图分类: | ||
| 主题词: | 幽默(美学)--口才学--通俗读物 , 幽默(美学) , 口才学 , 社会科学--现状 , 社会科学--概况 | |
| 电子资源: | ||
| ISBN: | 7-5426-1154-2 | |
| 000 | 00736oam2 2200277 450 | |
| 001 | 1242352734 | |
| 005 | 20121003114645.65 | |
| 010 | @a7-5426-1154-2@dCNY7.00 | |
| 100 | @a19990414d1998 em y0chiy0110 ea | |
| 101 | 0 | @achi |
| 102 | @aCN@b310000 | |
| 105 | @ay z 000yy | |
| 200 | 1 | @a幽默语弹@Ayou mo yu dan@f孔明珠编 |
| 210 | @a上海@c上海三联书店@d1998 | |
| 215 | @a145页@d20cm | |
| 225 | 2 | @a交际与口才小丛书 |
| 461 | 0 | @12001 @a交际与口才小丛书 |
| 606 | 0 | @a幽默(美学)@x口才学@x通俗读物 |
| 606 | 0 | @a幽默(美学) |
| 606 | 0 | @a口才学 |
| 606 | 0 | @a社会科学@x现状 |
| 606 | 0 | @a社会科学@x概况 |
| 690 | @aC112.1@v3 | |
| 701 | 0 | @a孔明珠@Akong ming zhu@4编 |
| 801 | 0 | @aCN@bNLC@c20101222 |
| 905 | @a10447@dC112.1@eJY104 | |
| 幽默语弹/孔明珠编.-上海:上海三联书店,1998 |
| 145页;20cm.-(交际与口才小丛书) |
| ISBN 7-5426-1154-2:CNY7.00 |
| ● |
| 相关链接 |
|
|
|
|
正题名:幽默语弹
索取号:C112.1/JY104
 
预约/预借
| 序号 | 登录号 | 条形码 | 馆藏地/架位号 | 状态 | 备注 |
| 1 | 7810356 | 278103561 | 学院路分馆/ [索取号:C112.1/JY104] | 在馆 | |
| 2 | 7810357 | 278103570 | 学院路分馆/ [索取号:C112.1/JY104] | 在馆 | |
| 3 | 7810358 | 278103589 | 学院路分馆/ [索取号:C112.1/JY104] | 在馆 | |
| 4 | 7810359 | 278103598 | 学院路分馆/ [索取号:C112.1/JY104] | 在馆 |